Statistiques concernant Avatar, le dernier maître de l'Air - Carte quiz

Cliquez ici pour prendre le quiz!

Statistiques générales

  • Ce quiz a été pris 1 183 fois
  • Le résultat moyen est 10 sur 20

Réponses sur la Carte

Les réponses sont colorées sur une échelle allant du rouge au vert en fonction du pourcentage des utilisateurs qui les ont devinées à leur premier essai. Vous pouvez retrouver ces pourcentages ci-dessous.
 

Statistiques - réponses

Réponse% Correct
Tribu de l'Eau du Nord
71%
Ba Sing Se
70%
Temple de l'Air du Sud
70%
Tribu de l'Eau du Sud
69%
Temple de l'Air de l'Est
63%
Capitale de la Nation du Feu
61%
Temple de l'Air du Nord
58%
Temple de l'Air de l'Ouest
56%
Bibliothèque de Wan Shi Tong
49%
Ile de Kyoshi
49%
Tribu du Marais Brumeux
49%
Cité de la République
43%
Passage du Serpent
40%
Lac Laogai
38%
Prison du Rocher Bouillant
38%
Forêt de Wulong (duel Aang-Ozai)
37%
Ile du Croissant (Sanctuaire de Roku)
34%
Ile de Braise
32%
Omashu
32%
Grand Canyon
27%

Distribution des résultats

Percentile par nombre de réponses

% des personnes avec chaque résultat

Votre développement - résultats

Vous n’avez pas pris ce quiz